[Event "GEO-ch Blitz"]
[Site "Tbilisi"]
[Date "2023.12.07"]
[Round "12"]
[White "Arabidze, Saba"]
[Black "Magalashvili, Davit"]
[Result "0-1"]
[WhiteElo "1632"]
[BlackElo "2417"]
[PlyCount "96"]
[EventDate "2023.12.05"]
[EventType "swiss (blitz)"]
[EventRounds "13"]
[EventCountry "GEO"]
[SourceTitle "CB50_2023"]
[SourceDate "2023.12.13"]
[SourceVersion "1"]
[SourceVersionDate "2023.12.13"]
[SourceQuality "1"]

1. c4 Nf6 2. Nf3 g6 3. g3 b6 4. Bg2 Bb7 5. 0-0 c5 6. Nc3 Bg7 7. d4 cxd4 8. Nxd4 Bxg2 9. Kxg2 Qc8 10. Qd3 0-0 11. b3 Qb7+ 12. Nf3 Na6 13. Bb2 Nc5 14. Qd2 Rfd8 15. Rad1 Rac8 16. Nd5 Nxd5 17. Bxg7 Nf4+ 18. Qxf4 Kxg7 19. Qd4+ Kg8 20. h4 Ne6 21. Qe3 Rc5 22. Rd3 d6 23. Rfd1 b5 24. cxb5 Qxb5 25. Nd4 Qb7+ 26. Qf3 Qd7 27. Nxe6 Qxe6 28. Re3 Qd7 29. Rd5 Rc2 30. Ra5 Rdc8 31. Qe4 R8c7 32. Ra4 d5 33. Qe5 f6 34. Qe6+ Qxe6 35. Rxe6 Kf7 36. Rea6 Rxe2 37. Rxa7 Rcc2 38. Rf4 Rxa2 39. Rb7 h6 40. Rb6 g5 41. hxg5 hxg5 42. Rf3 Kg6 43. b4 Rab2 44. Rb5 d4 45. Rb6 d3 46. Rb5 d2 47. Rd5 Rxb4 48. Rfd3 Rb2 0-1

[Event "GEO-ch Blitz"]
[Site "Tbilisi"]
[Date "2023.12.07"]
[Round "11"]
[White "Magalashvili, Davit"]
[Black "Pantsulaia, Levan"]
[Result "0-1"]
[WhiteElo "2417"]
[BlackElo "2561"]
[PlyCount "78"]
[EventDate "2023.12.05"]
[EventType "swiss (blitz)"]
[EventRounds "13"]
[EventCountry "GEO"]
[SourceTitle "CB50_2023"]
[SourceDate "2023.12.13"]
[SourceVersion "1"]
[SourceVersionDate "2023.12.13"]
[SourceQuality "1"]

1. Nf3 c5 2. g3 g6 3. Bg2 Bg7 4. c4 Nc6 5. Nc3 b6 6. 0-0 Bb7 7. e3 Nh6 8. d4 cxd4 9. Nxd4 Qc8 10. Nxc6 Bxc6 11. e4 Qb7 12. Bg5 Bxc3 13. bxc3 Ng8 14. Qd4 f6 15. Be3 h5 16. h3 Nh6 17. Rab1 Nf7 18. c5 b5 19. a4 a6 20. c4 b4 21. a5 h4 22. g4 g5 23. Rb2 Qc7 24. Ra1 Rb8 25. Qd2 b3 26. Ra3 Ne5 27. Qc3 Ng6 28. Raxb3 Rxb3 29. Rxb3 Nf4 30. Rb2 Nxg2 31. Kxg2 Bxe4+ 32. Kf1 Qh2 33. Bd4 Bg2+ 34. Ke2 Bxh3 35. Rb6 Bxg4+ 36. Kd2 0-0 37. Qd3 Qf4+ 38. Be3 Qf5 39. Qd4 h3 0-1

[Event "Poti op 16th"]
[Site "Poti"]
[Date "2023.07.18"]
[Round "7"]
[White "Navoyan, Gagik"]
[Black "Magalashvili, Davit"]
[Result "1-0"]
[WhiteElo "1909"]
[BlackElo "2445"]
[PlyCount "97"]
[EventDate "2023.07.12"]
[EventType "swiss"]
[EventRounds "9"]
[EventCountry "GEO"]
[SourceTitle "EXT 2024"]
[Source "ChessBase"]
[SourceDate "2023.10.10"]
[SourceVersion "1"]
[SourceVersionDate "2023.10.10"]
[SourceQuality "1"]

1. e4 c5 2. g3 d5 3. exd5 Qxd5 4. Nf3 Bg4 5. Bg2 Qe6+ 6. Kf1 Nc6 7. d3 Qd7 8. h3 Bh5 9. Nbd2 f6 10. a4 e5 11. Kg1 Nge7 12. Kh2 Bf7 13. Re1 Nd5 14. Nc4 Be7 15. b3 0-0 16. Bb2 Rad8 17. Qe2 Nd4 18. Nxd4 cxd4 19. Bxd4 exd4 20. Bxd5 Qxd5 21. Qxe7 Rfe8 22. Qc7 g5 23. Kg1 Re6 24. Rxe6 Bxe6 25. g4 Rc8 26. Qg3 Bd7 27. Re1 Bc6 28. f3 Rd8 29. Nd2 Qc5 30. Qc7 Rd7 31. Qc8+ Kf7 32. Qe8+ Kg7 33. Ne4 Qe7 34. Qxe7+ Rxe7 35. Kf2 Bxe4 36. Rxe4 Rc7 37. Rxd4 Rxc2+ 38. Ke3 Rc7 39. Rc4 Rd7 40. d4 Kf7 41. Ke4 Ke6 42. Rc8 Re7 43. Rf8 Rc7 44. d5+ Ke7 45. Rh8 Kd6 46. Rd8+ Kc5 47. d6 Rf7 48. Kf5 Kd5 49. b4 1-0

[Event "Poti op 16th"]
[Site "Poti"]
[Date "2023.07.13"]
[Round "2"]
[White "Magalashvili, Davit"]
[Black "Manukyan, Sargis A"]
[Result "1-0"]
[WhiteElo "2445"]
[BlackElo "2201"]
[PlyCount "131"]
[EventDate "2023.07.12"]
[EventType "swiss"]
[EventRounds "9"]
[EventCountry "GEO"]
[SourceTitle "EXT 2024"]
[Source "ChessBase"]
[SourceDate "2023.10.10"]
[SourceVersion "1"]
[SourceVersionDate "2023.10.10"]
[SourceQuality "1"]

1. e4 c5 2. Nf3 d6 3. Bb5+ Bd7 4. Bxd7+ Qxd7 5. c4 e5 6. Nc3 Nc6 7. 0-0 g6 8. a3 Bg7 9. Rb1 Nge7 10. b4 0-0 11. bxc5 dxc5 12. d3 h6 13. Nd5 f5 14. Bb2 g5 15. Nxe7+ Qxe7 16. exf5 Rxf5 17. Nd2 Rd8 18. Ne4 b6 19. Qe2 Qd7 20. Rfd1 Rf7 21. Bc3 Ne7 22. Rb5 Nd5 23. g3 Nxc3 24. Nxc3 e4 25. Nxe4 Bd4 26. Qh5 Qf5 27. Rf1 Bg7 28. Rb3 Rfd7 29. Qe2 Rd4 30. f4 g4 31. Nf2 h5 32. Re1 R4d6 33. Kg2 Bd4 34. Ne4 Re6 35. a4 h4 36. gxh4 Qxf4 37. Rf1 Qh6 38. Rf5 Qxh4 39. Rb1 Kg7 40. Qd2 Rg6 41. Qf4 Qh3+ 42. Kh1 Qf3+ 43. Qxf3 gxf3 44. Rxf3 Rh8 45. Ng3 Be5 46. Nf5+ Kf7 47. Ng3+ Ke6 48. Re1 Kd6 49. Kg2 Rh7 50. Re4 Bd4 51. h4 Bf6 52. h5 Rxh5 53. Rxf6+ Rxf6 54. Nxh5 Rf7 55. Nf4 Kc6 56. Nd5 Kd6 57. Rf4 Rh7 58. Kf3 Ke5 59. Re4+ Kd6 60. Ke3 Rh1 61. Nc3 a6 62. Rg4 Rh6 63. Ne4+ Kc6 64. Rf4 Rh1 65. Rf6+ Kb7 66. a5 1-0

[Event "Batumi Municipality Cup"]
[Site "Batumi"]
[Date "2023.07.05"]
[Round "4"]
[White "Magalashvili, Davit"]
[Black "Qalichava, Akaki"]
[Result "1/2-1/2"]
[WhiteElo "2445"]
[BlackElo "2242"]
[PlyCount "130"]
[EventDate "2023.07.02"]
[EventType "swiss"]
[EventRounds "9"]
[EventCountry "GEO"]
[SourceTitle "CBM 215 Extra"]
[Source "ChessBase"]
[SourceDate "2023.09.30"]
[SourceVersion "1"]
[SourceVersionDate "2023.09.30"]
[SourceQuality "1"]

1. Nf3 d5 2. g3 Nf6 3. Bg2 e6 4. 0-0 c5 5. c4 dxc4 6. Na3 Nc6 7. Nxc4 Be7 8. b3 0-0 9. Bb2 Nd5 10. d4 b5 11. Nce5 Nxe5 12. Nxe5 Bb7 13. dxc5 Bxc5 14. Nd3 Be7 15. Nf4 Bf6 16. Bxf6 Qxf6 17. Nxd5 Bxd5 18. e4 Bb7 19. Qd7 Rab8 20. Qxb5 Bxe4 21. Qc5 Bxg2 22. Kxg2 a6 23. Rac1 e5 24. Qc6 Rb6 25. Qxf6 Rxf6 26. Rfd1 g6 27. Rd7 Re8 28. Rdc7 Ree6 29. Kf1 Kg7 30. Ke2 g5 31. R1c4 h5 32. h3 Kg6 33. Rc8 Kg7 34. Rd8 Rf5 35. Rcc8 e4 36. Rh8 Ra5 37. a4 Kg6 38. Rcg8+ Kf5 39. Rxh5 f6 40. h4 Kg4 41. Rh6 Rae5 42. hxg5 Rxg5 43. Rh4+ Kf5 44. Rb8 Ke5 45. Rhh8 Kd4 46. Rhc8 Rd5 47. Rd8 Red6 48. Rxd6 Rxd6 49. a5 Ke5 50. b4 Rd3 51. Rb6 Rd4 52. b5 Rd5 53. bxa6 Rxa5 54. Kd2 Ra2+ 55. Kc3 Ra3+ 56. Kb4 Ra1 57. Kc5 Ra2 58. Kc6 Rxf2 59. Rb5+ Ke6 60. a7 Ra2 61. Kb6 e3 62. Rb3 e2 63. Re3+ Kd6 64. Rd3+ Ke6 65. Re3+ Kd6 1/2-1/2

[Event "Batumi Municipality Cup"]
[Site "Batumi"]
[Date "2023.07.03"]
[Round "2"]
[White "Magalashvili, Davit"]
[Black "Manukyan, Sargis A"]
[Result "1/2-1/2"]
[WhiteElo "2445"]
[BlackElo "2201"]
[PlyCount "102"]
[EventDate "2023.07.02"]
[EventType "swiss"]
[EventRounds "9"]
[EventCountry "GEO"]
[SourceTitle "CBM 215 Extra"]
[Source "ChessBase"]
[SourceDate "2023.09.30"]
[SourceVersion "1"]
[SourceVersionDate "2023.09.30"]
[SourceQuality "1"]

1. e4 c5 2. Nf3 d6 3. Bb5+ Nd7 4. c3 Ngf6 5. Bd3 e6 6. Bc2 b5 7. 0-0 Be7 8. d4 Bb7 9. Re1 a6 10. Nbd2 0-0 11. e5 Nd5 12. Ne4 dxe5 13. dxe5 c4 14. Qe2 h6 15. Ng3 Nc5 16. Nh5 g6 17. Bxh6 gxh5 18. Nd4 f5 19. exf6 Nxf6 20. Nxe6 Qd7 21. Nxf8 Bxf8 22. Qe3 Bxh6 23. Qxh6 Qg4 24. Qg6+ Qxg6 25. Bxg6 Kg7 26. Bc2 Kf7 27. f3 Ne6 28. Bg6+ Kxg6 29. Rxe6 Rd8 30. Rae1 Bc8 31. Rc6 h4 32. Kf2 Kf7 33. Rc7+ Kg6 34. Re5 Bf5 35. Rc6 Rd2+ 36. Re2 Rd1 37. Rxa6 Kf7 38. Re5 Bd7 39. Re1 Rd2+ 40. Re2 Rd3 41. g3 hxg3+ 42. hxg3 Nd5 43. Ra7 Nb6 44. Re3 Rd2+ 45. Ke1 Rxb2 46. Rb7 b4 47. Rxb6 bxc3 48. Rd6 Rb1+ 49. Kf2 Rb2+ 50. Ke1 Rb1+ 51. Kf2 Rb2+ 1/2-1/2

[Event "GEO-ch 82nd"]
[Site "Tbilisi"]
[Date "2023.01.12"]
[Round "8"]
[White "Magalashvili, Davit"]
[Black "Tutisani, Noe"]
[Result "1-0"]
[WhiteElo "2444"]
[BlackElo "2434"]
[PlyCount "79"]
[EventDate "2023.01.04"]
[EventType "tourn"]
[EventRounds "9"]
[EventCountry "GEO"]
[EventCategory "10"]
[SourceTitle "CBM 212 Extra"]
[Source "ChessBase"]
[SourceDate "2023.03.31"]
[SourceVersion "1"]
[SourceVersionDate "2023.03.31"]
[SourceQuality "1"]

1. Nf3 Nf6 2. c4 g6 3. g3 Bg7 4. Bg2 0-0 5. 0-0 d6 6. d4 Nc6 7. Nc3 e5 8. dxe5 dxe5 9. Bg5 h6 10. Qxd8 Rxd8 11. Bxf6 Bxf6 12. Nd5 Kg7 13. Nxc7 Rb8 14. e4 Be7 15. Nd5 Bc5 16. Ne1 Nb4 17. h3 a5 18. a3 Nxd5 19. cxd5 Bd4 20. Nf3 Bxb2 21. Ra2 Bd4 22. Nxd4 exd4 23. Rd1 b5 24. Rxd4 Bd7 25. Rc2 Rdc8 26. Rdd2 Rxc2 27. Rxc2 b4 28. axb4 axb4 29. Rb2 b3 30. Kf1 Bb5+ 31. Ke1 Bd3 32. Kd2 Bc2 33. f3 Re8 34. Bf1 f5 35. Bd3 fxe4 36. fxe4 Re7 37. Ke3 Rc7 38. Kd4 Bd1 39. d6 Ra7 40. Rb1 1-0

[Event "GEO-ch 82nd"]
[Site "Tbilisi"]
[Date "2023.01.11"]
[Round "7"]
[White "Magalashvili, Davit"]
[Black "Kacharava, Nikoloz"]
[Result "0-1"]
[WhiteElo "2444"]
[BlackElo "2538"]
[PlyCount "120"]
[EventDate "2023.01.04"]
[EventType "tourn"]
[EventRounds "9"]
[EventCountry "GEO"]
[EventCategory "10"]
[SourceTitle "CBM 212 Extra"]
[Source "ChessBase"]
[SourceDate "2023.03.31"]
[SourceVersion "1"]
[SourceVersionDate "2023.03.31"]
[SourceQuality "1"]

1. Nf3 d5 2. g3 g6 3. Bg2 Bg7 4. d4 Nf6 5. c4 c6 6. 0-0 dxc4 7. a4 Ne4 8. Nc3 Nd6 9. e4 Bg4 10. Be3 Qc8 11. Qe2 0-0 12. h3 Bxh3 13. Bxh3 Qxh3 14. e5 Ne8 15. Qxc4 Nc7 16. Qb4 Qd7 17. Qxb7 Nba6 18. Qb3 Rab8 19. Qc2 Nb4 20. Qd2 Nbd5 21. Bh6 Qh3 22. Bxg7 Kxg7 23. Ng5 Qg4 24. Kg2 h6 25. Nh3 Ne6 26. Rad1 Rb4 27. Nxd5 Rxd4 28. Nf6 exf6 29. exf6+ Kxf6 30. Qc1 Kg7 31. f3 Rxd1 32. Rxd1 Qxa4 33. Nf2 Qb5 34. Qc3+ Kg8 35. Re1 Rb8 36. Qf6 Qf5 37. Qc3 Qb5 38. Qf6 Qf5 39. Qc3 Qc5 40. Qf6 Qd5 41. Re5 Qd7 42. Re2 h5 43. g4 Qd6 44. Kf1 Rb5 45. gxh5 Rxh5 46. Ng4 Qg3 47. Rd2 Rh1+ 48. Ke2 Nf4+ 49. Ke3 Qe1+ 50. Kxf4 Qxd2+ 51. Kg3 Qe1+ 52. Kf4 Qd2+ 53. Kg3 c5 54. Qc6 Qe1+ 55. Kf4 Qe6 56. Qa8+ Kg7 57. Qxa7 Qd6+ 58. Ke3 Re1+ 59. Kf2 Qd2+ 60. Kg3 Rg1+ 0-1

[Event "GEO-ch 82nd"]
[Site "Tbilisi"]
[Date "2023.01.09"]
[Round "5"]
[White "Magalashvili, Davit"]
[Black "Paichadze, Luka"]
[Result "1/2-1/2"]
[WhiteElo "2444"]
[BlackElo "2514"]
[PlyCount "112"]
[EventDate "2023.01.04"]
[EventType "tourn"]
[EventRounds "9"]
[EventCountry "GEO"]
[EventCategory "10"]
[SourceTitle "CBM 212 Extra"]
[Source "ChessBase"]
[SourceDate "2023.03.31"]
[SourceVersion "1"]
[SourceVersionDate "2023.03.31"]
[SourceQuality "1"]

1. e4 c6 2. d4 d5 3. exd5 cxd5 4. Bd3 Nc6 5. c3 Nf6 6. Bf4 Bg4 7. Qb3 Qd7 8. Nd2 e6 9. Ngf3 Bd6 10. Bxd6 Qxd6 11. Qxb7 Rb8 12. Qa6 Bxf3 13. Nxf3 0-0 14. 0-0 Rb6 15. Qa3 Qxa3 16. bxa3 Rfb8 17. Rab1 Nd7 18. Rxb6 Nxb6 19. Rb1 Rc8 20. Kf1 f6 21. Rb5 Nd8 22. Rb3 Nf7 23. Ba6 Rc7 24. a4 Nd6 25. a5 Na4 26. Rb8+ Kf7 27. Bd3 Nxc3 28. Bxh7 Nxa2 29. Bd3 Rc3 30. Bh7 Rc8 31. Rb2 Rc1+ 32. Ke2 Ra1 33. Kd3 g6 34. Rb8 Kg7 35. Rd8 Nf7 36. Rd7 Nb4+ 37. Kc3 Nc6 38. Nh4 g5 39. Nf3 Rxa5 40. Bc2 Ra3+ 41. Kb2 Ra6 42. Kc3 Ncd8 43. Nd2 Rc6+ 44. Kd3 a6 45. Nb3 Rd6 46. Rc7 e5 47. Nc5 Ne6 48. Nxe6+ Rxe6 49. dxe5 Rxe5 50. Ra7 Re1 51. Rxa6 Rg1 52. g3 Rg2 53. Ke2 Rxh2 54. Bb3 Rh8 55. Bxd5 Re8+ 56. Kf1 Re7 1/2-1/2

[Event "GEO-ch 82nd"]
[Site "Tbilisi"]
[Date "2023.01.08"]
[Round "4"]
[White "Mchedlishvili, Mikheil"]
[Black "Magalashvili, Davit"]
[Result "1-0"]
[WhiteElo "2553"]
[BlackElo "2444"]
[PlyCount "53"]
[EventDate "2023.01.04"]
[EventType "tourn"]
[EventRounds "9"]
[EventCountry "GEO"]
[EventCategory "10"]
[SourceTitle "CBM 212 Extra"]
[Source "ChessBase"]
[SourceDate "2023.03.31"]
[SourceVersion "1"]
[SourceVersionDate "2023.03.31"]
[SourceQuality "1"]

1. e4 c5 2. Nf3 e6 3. d4 cxd4 4. Nxd4 Nf6 5. Nc3 Nc6 6. a3 Be7 7. Nxc6 bxc6 8. e5 Nd5 9. Qg4 g6 10. Qg3 d6 11. Ne4 dxe5 12. c4 Nf4 13. Qc3 0-0 14. Qxe5 Nd3+ 15. Bxd3 Qxd3 16. Nf6+ Bxf6 17. Qxf6 Rd8 18. f3 Ba6 19. b3 Rd4 20. Kf2 Qc3 21. Bg5 Rad8 22. Kg3 h5 23. h3 R8d7 24. Rhc1 Qb2 25. Ra2 h4+ 26. Kh2 Qxb3 27. Bh6 1-0

[Event "Poti op 15th"]
[Site "Poti"]
[Date "2022.07.20"]
[Round "5"]
[White "Magalashvili, Davit"]
[Black "Tutisani, Noe"]
[Result "1-0"]
[WhiteElo "2437"]
[BlackElo "2428"]
[PlyCount "69"]
[EventDate "2022.07.16"]
[EventType "swiss"]
[EventRounds "9"]
[EventCountry "GEO"]
[SourceTitle "CBM 209 Extra"]
[Source "ChessBase"]
[SourceDate "2022.09.30"]
[SourceVersion "1"]
[SourceVersionDate "2022.09.30"]
[SourceQuality "1"]

1. e4 e5 2. Nf3 Nc6 3. Bc4 Bc5 4. c3 Nf6 5. d4 exd4 6. e5 d5 7. Bb5 Ne4 8. cxd4 Bb6 9. Nc3 0-0 10. Be3 Bg4 11. h3 Bh5 12. Qc2 Ba5 13. 0-0 Bxf3 14. gxf3 Ng5 15. Kg2 Bxc3 16. bxc3 f5 17. f4 Ne6 18. Qe2 Ne7 19. Qf3 c6 20. Bd3 Rc8 21. Rfb1 b6 22. a4 Kh8 23. Kh2 Ng6 24. Qg3 c5 25. a5 cxd4 26. cxd4 Rc3 27. Bd2 Rc8 28. axb6 axb6 29. Ra6 Rb8 30. Bb4 Nxd4 31. Bxf8 Qxf8 32. Raxb6 Rxb6 33. Rxb6 Nh4 34. Be2 g5 35. fxg5 1-0

[Event "Poti op 15th"]
[Site "Poti"]
[Date "2022.07.16"]
[Round "1"]
[White "Manukyan, Sargis A"]
[Black "Magalashvili, Davit"]
[Result "0-1"]
[WhiteElo "2096"]
[BlackElo "2437"]
[PlyCount "102"]
[EventDate "2022.07.16"]
[EventType "swiss"]
[EventRounds "9"]
[EventCountry "GEO"]
[SourceTitle "CBM 209 Extra"]
[Source "ChessBase"]
[SourceDate "2022.09.30"]
[SourceVersion "1"]
[SourceVersionDate "2022.09.30"]
[SourceQuality "1"]

1. d4 Nf6 2. c4 c5 3. d5 b5 4. cxb5 a6 5. bxa6 g6 6. Nc3 Bg7 7. Nf3 0-0 8. g3 d6 9. Bg2 Nbd7 10. 0-0 Nb6 11. Rb1 Bf5 12. Ra1 Ne4 13. Nxe4 Bxe4 14. Nh4 Bxg2 15. Nxg2 Rxa6 16. e4 Qa8 17. a3 Rb8 18. Ne3 Na4 19. Nc4 Nxb2 20. Bxb2 Bxb2 21. Ra2 Bxa3 22. Qa1 Bb2 23. Rxa6 Bxa1 24. Rxa8 Rxa8 25. f4 Bd4+ 26. Kh1 f6 27. Rb1 Ra4 28. Nb6 Ra7 29. Nc4 Kf7 30. Rc1 Ra2 31. Rb1 Rc2 32. Na3 Re2 33. Rb7 Rxe4 34. Nb5 Kf8 35. Nc7 Re1+ 36. Kg2 f5 37. Ne6+ Kf7 38. Ng5+ Kg7 39. Rc7 Bf6 40. Ne6+ Kh6 41. Rc8 Re2+ 42. Kh1 Rd2 43. h3 g5 44. Rg8 gxf4 45. g4 fxg4 46. hxg4 Rxd5 47. Kg2 c4 48. Kf3 c3 49. g5+ Rxg5 50. Nxg5 Bxg5 51. Kg4 Bf6 0-1

[Event "Marmaris Karya 19th"]
[Site "Marmaris"]
[Date "2022.05.15"]
[Round "5.5"]
[White "Ozdemir, Serhan Berat"]
[Black "Magalashvili, Davit"]
[Result "0-1"]
[WhiteElo "2117"]
[BlackElo "2456"]
[PlyCount "66"]
[EventDate "2022.05.15"]
[EventType "schev"]
[EventRounds "10"]
[EventCountry "TUR"]
[SourceTitle "CBM 208 Extra"]
[Source "ChessBase"]
[SourceDate "2022.07.31"]
[SourceVersion "1"]
[SourceVersionDate "2022.07.31"]
[SourceQuality "1"]

1. e4 c5 2. Nf3 a6 3. c3 Nf6 4. e5 Nd5 5. d4 cxd4 6. cxd4 Nc6 7. Bc4 Nb6 8. Bb3 d5 9. exd6 e6 10. Bg5 Qxd6 11. Nc3 Be7 12. Be3 Nb4 13. 0-0 0-0 14. Ne5 N4d5 15. Qf3 Nxe3 16. fxe3 Qd8 17. Rad1 Qe8 18. e4 Bd7 19. Rd3 Bd6 20. Nxd7 Qxd7 21. e5 Be7 22. Qh5 Rad8 23. Rf4 g6 24. Rg3 Kg7 25. Rfg4 Rg8 26. Bc2 Kh8 27. Qh6 Nc4 28. h4 Bf8 29. Qf4 Qc7 30. Kh2 f5 31. Bxf5 exf5 32. Qxf5 Ne3 33. Rxg6 Rxg6 0-1

[Event "Titled Tuesday intern op 16th Feb"]
[Site "Chess.com INT"]
[Date "2021.02.16"]
[Round "3"]
[White "Magalashvili, Davit"]
[Black "Sokolovsky, Yahli"]
[Result "1-0"]
[WhiteElo "2456"]
[BlackElo "2472"]
[PlyCount "67"]
[EventDate "2021.02.16"]
[EventType "swiss (blitz)"]
[EventRounds "11"]
[EventCountry "USA"]
[SourceTitle "EXT 2022"]
[Source "ChessBase"]
[SourceDate "2021.10.06"]
[SourceVersion "1"]
[SourceVersionDate "2021.10.06"]
[SourceQuality "1"]

1. Nf3 g6 2. c4 Bg7 3. d4 d6 4. g3 Nf6 5. Bg2 0-0 6. 0-0 c6 7. Nc3 Bf5 8. Nh4 Bd7 9. e4 e5 10. dxe5 dxe5 11. Qd6 Be6 12. c5 Qxd6 13. cxd6 Rd8 14. Rd1 Ne8 15. f4 Rxd6 16. Be3 Na6 17. f5 gxf5 18. exf5 Bd5 19. Nxd5 cxd5 20. Rxd5 Rad8 21. Rxd6 Nxd6 22. Rd1 Bf6 23. Bxa7 Nb5 24. Rxd8+ Bxd8 25. Be3 b6 26. Bf1 Nbc7 27. Bxb6 Bxh4 28. gxh4 Kg7 29. b4 Nxb4 30. Bxc7 Nxa2 31. Bxe5+ Kh6 32. Bf4+ Kh5 33. Bd2 Kxh4 34. Bc4 1-0

[Event "Titled Tuesday intern op 16th Feb"]
[Site "Chess.com INT"]
[Date "2021.02.16"]
[Round "4"]
[White "Tabatabaei, Mohammad Amin"]
[Black "Magalashvili, Davit"]
[Result "1-0"]
[WhiteElo "2629"]
[BlackElo "2456"]
[PlyCount "63"]
[EventDate "2021.02.16"]
[EventType "swiss (blitz)"]
[EventRounds "11"]
[EventCountry "USA"]
[SourceTitle "EXT 2022"]
[Source "ChessBase"]
[SourceDate "2021.10.06"]
[SourceVersion "1"]
[SourceVersionDate "2021.10.06"]
[SourceQuality "1"]

1. d4 d5 2. Nf3 Nf6 3. Bf4 e6 4. e3 Bd6 5. Nbd2 0-0 6. Ne5 c5 7. c3 Nc6 8. h4 Qc7 9. Ndf3 Ne4 10. h5 f6 11. Nxc6 Bxf4 12. exf4 bxc6 13. g3 Rb8 14. Rb1 Qa5 15. Bd3 Qxa2 16. Qc1 cxd4 17. Nxd4 c5 18. Nf3 e5 19. h6 g6 20. 0-0 Bg4 21. Nh2 Bf5 22. Rd1 Qa5 23. Ra1 Qb6 24. Qe3 c4 25. Bxe4 Qxe3 26. Bxd5+ Kh8 27. fxe3 Rxb2 28. Rxa7 Bd3 29. fxe5 fxe5 30. Ng4 Rbb8 31. Nxe5 Bc2 32. Rf1 1-0

[Event "Titled Tuesday intern op 03rd Nov"]
[Site "Chess.com INT"]
[Date "2020.11.03"]
[Round "3"]
[White "Magalashvili, Davit"]
[Black "Grachev, Boris V"]
[Result "1-0"]
[WhiteElo "2456"]
[BlackElo "2612"]
[PlyCount "165"]
[EventDate "2020.11.03"]
[EventType "swiss (blitz)"]
[EventRounds "11"]
[EventCountry "USA"]
[SourceTitle "CBM 199 Extra"]
[Source "ChessBase"]
[SourceDate "2021.01.31"]
[SourceVersion "1"]
[SourceVersionDate "2021.01.31"]
[SourceQuality "1"]

1. Nf3 d5 2. g3 c6 3. Bg2 Bg4 4. 0-0 Nd7 5. d4 e6 6. h3 Bh5 7. c4 Ngf6 8. cxd5 exd5 9. Qb3 Nb6 10. Nc3 Be7 11. Ne5 Nfd7 12. g4 Bg6 13. f4 Nxe5 14. dxe5 h5 15. f5 Bc5+ 16. e3 hxg4 17. fxg6 gxh3 18. gxf7+ Kf8 19. Bf3 Qg5+ 20. Kh1 Qxe5 21. Ne2 g5 22. Qc3 Qxc3 23. bxc3 Rh7 24. Nd4 Bxd4 25. exd4 Rxf7 26. Bxg5 Kg7 27. Bh5 Rd7 28. Rae1 Nc4 29. Re6 Kg8 30. Rg6+ Rg7 31. Rxg7+ Kxg7 32. Rf7+ Kg8 33. Rxb7 Nd6 34. Rc7 Ne4 35. Bf7+ Kh8 36. Bf4 Nxc3 37. Rxc6 Ne2 38. Be5+ Kh7 39. Bxd5 Rf8 40. Be4+ Kg8 41. Rg6+ Kf7 42. Rf6+ Ke7 43. Rxf8 Kxf8 44. Bd3 Nc3 45. Bc4 Ne4 46. Kh2 Ng5 47. Bf4 Nf3+ 48. Kxh3 Nxd4 49. Be3 Nc2 50. Bxa7 Ke7 51. Bd3 Ne1 52. Be4 Kd6 53. Bf2 Ke5 54. Bh7 Nf3 55. Kg2 Nd2 56. Be3 Nc4 57. Bc1 Kd5 58. Kf2 Kc5 59. Ke2 Nb6 60. Bd2 Kb5 61. Bd3+ Ka4 62. Bc1 Nd5 63. Kd2 Nb4 64. Bc4 Nxa2 65. Bxa2 Kb4 66. Bb2 Kc5 67. Kd3 Kb4 68. Bd4 Kb5 69. Bc4+ Kc6 70. Ke4 Kd6 71. Kf5 Kc6 72. Ke6 Kc7 73. Bd5 Kc8 74. Kd6 Kd8 75. Bf6+ Ke8 76. Ke6 Kf8 77. Bc6 Kg8 78. Ke7 Kh7 79. Bf3 Kh6 80. Kf7 Kh7 81. Bg5 Kh8 82. Bh5 Kh7 83. Bg6+ 1-0

[Event "Titled Tuesday intern op 03rd Nov"]
[Site "Chess.com INT"]
[Date "2020.11.03"]
[Round "8"]
[White "Magalashvili, Davit"]
[Black "Moranda, Wojciech"]
[Result "0-1"]
[WhiteElo "2456"]
[BlackElo "2618"]
[PlyCount "108"]
[EventDate "2020.11.03"]
[EventType "swiss (blitz)"]
[EventRounds "11"]
[EventCountry "USA"]
[SourceTitle "CBM 199 Extra"]
[Source "ChessBase"]
[SourceDate "2021.01.31"]
[SourceVersion "1"]
[SourceVersionDate "2021.01.31"]
[SourceQuality "1"]

1. Nf3 Nf6 2. g3 d5 3. Bg2 e6 4. 0-0 Be7 5. c4 d4 6. e3 c5 7. exd4 cxd4 8. d3 Nc6 9. Re1 0-0 10. Na3 Nd7 11. Bf4 h6 12. Nb5 Bb4 13. Re2 Bc5 14. a3 a6 15. Nc7 Ra7 16. Rxe6 fxe6 17. Nxe6 Qf6 18. Nxf8 Nxf8 19. b4 Be7 20. b5 axb5 21. cxb5 Nd8 22. Be5 Qf5 23. Bxd4 Rxa3 24. Rxa3 Bxa3 25. Qb3+ Be6 26. Qxa3 Qxb5 27. Qe7 Qd7 28. Bc5 Ng6 29. Qxd7 Bxd7 30. d4 Ne6 31. Bb6 Bc6 32. Bh3 Nef4 33. gxf4 Bxf3 34. Be6+ Kf8 35. f5 Nf4 36. Bc5+ Ke8 37. Bc8 Kd8 38. Be6 Ke8 39. Kf1 Bg4 40. Bc8 Bf3 41. Ke1 Bd5 42. Kd2 Kd8 43. Be6 Bxe6 44. fxe6 Nxe6 45. Bb6+ Kd7 46. Kd3 Kc6 47. Ba5 Kd5 48. Bd2 Nxd4 49. Bc3 Nf5 50. Bb4 b5 51. Bf8 g6 52. Ke2 Ke4 53. f3+ Kd4 54. Ba3 Kc3 0-1

[Event "Titled Tuesday intern op 03rd Nov"]
[Site "Chess.com INT"]
[Date "2020.11.03"]
[Round "4"]
[White "Magalashvili, Davit"]
[Black "Sanal, Vahap"]
[Result "1-0"]
[WhiteElo "2456"]
[BlackElo "2581"]
[PlyCount "143"]
[EventDate "2020.11.03"]
[EventType "swiss (blitz)"]
[EventRounds "11"]
[EventCountry "USA"]
[SourceTitle "CBM 199 Extra"]
[Source "ChessBase"]
[SourceDate "2021.01.31"]
[SourceVersion "1"]
[SourceVersionDate "2021.01.31"]
[SourceQuality "1"]

1. Nf3 Nf6 2. g3 g6 3. Bg2 Bg7 4. c4 0-0 5. 0-0 d6 6. d4 c6 7. Nc3 Qb6 8. b3 e5 9. Ba3 Rd8 10. Rc1 Bg4 11. Bxd6 Bxf3 12. Bxf3 Qxd4 13. Bxe5 Qb6 14. Qc2 Nbd7 15. Bf4 Nf8 16. Rfd1 Ne6 17. Na4 Qa5 18. Bd2 Qe5 19. Bc3 Qg5 20. Rxd8+ Rxd8 21. Rd1 Re8 22. Nb2 Qh6 23. Nd3 Ng5 24. Bg2 Ng4 25. h4 Bxc3 26. Qxc3 Ne6 27. Ne5 Nxe5 28. Qxe5 Qf8 29. Qf6 Nc5 30. b4 Ne6 31. Rd7 Ng7 32. Rxb7 Rxe2 33. Qxc6 Nh5 34. Bd5 Re1+ 35. Kg2 Re7 36. c5 Kg7 37. b5 Rxb7 38. Qxb7 Qxc5 39. Qxf7+ Kh6 40. Bc6 Qd4 41. Qf8+ Ng7 42. Qf4+ Qxf4 43. gxf4 Ne6 44. a4 Kg7 45. a5 Nc5 46. b6 axb6 47. axb6 Kf6 48. b7 Na6 49. Kf3 Ke7 50. Bd5 Kd6 51. Bg8 h6 52. Bh7 Kc7 53. Bxg6 Nc5 54. Kg4 Kxb7 55. Kh5 Kc7 56. Kxh6 Kd6 57. Bf7 Ke7 58. Kg7 Nd3 59. h5 Nxf2 60. h6 Nh3 61. h7 Nxf4 62. h8Q Kd6 63. Qh2 Ke7 64. Qxf4 Kd8 65. Kf6 Kd7 66. Qd4+ Kc7 67. Ke6 Kb7 68. Qc5 Kb8 69. Kd7 Ka8 70. Qb4 Ka7 71. Kc7 Ka6 72. Qa4# 1-0